| 000 | 00453nam a2200169Ia 4500 | ||
|---|---|---|---|
| 008 | 100331t2001 xxu||||| |||| 00| 0 sin d | ||
| 041 | _asin | ||
| 080 |
_aX8S31 _bAMA |
||
| 100 | _aAmarasekara, Gunadasa | ||
| 245 | _aගමනක මුල | ||
| 246 | _aGamanaka Mula (LIB 63 / 6 /25 ) | ||
| 260 |
_b6nvisidunu _aBoralesgamuwa _c2001 _c2005 |
||
| 300 | _a247p., 21 cm | ||
| 942 | _cBK | ||
| 999 |
_c74196 _d74196 |
||
| 003 | LK-CoDNM | ||
| 040 |
_aLK-CoDNM _dLK-CoDNM _eLK-CoDNM |
||